000
00285 a2200145 4500
001
161520
020
_a
040
_c
Magnum
100
_a
Ministerio da Educacao e Cultura
240
1
0
_a
O esporte
_l
por
245
1
0
_a
O esporte
362
0
_a
1899
697
_a
GERAL
942
_c
BK
999
_c
161520
_d
161520